| 000 | 00891cam a2200313 a 4500 | ||
|---|---|---|---|
| 999 |
_c9354 _d9354 |
||
| 001 | 9354 | ||
| 003 | BD-JhCC | ||
| 005 | 20180313105053.0 | ||
| 008 | 910314s1992 nyua 001 0 eng | ||
| 020 | _a0024156515 | ||
| 035 | _a(BD-JhCC)9354 | ||
| 040 |
_aDLC _cDLC _dDLC _dBD-JhCC |
||
| 041 | _aeng | ||
| 050 | 0 | 0 |
_aPE1408 _b.S684 1992 |
| 082 | 0 | 0 |
_a808/.042 _220 _bSTA 1992 |
| 100 | 1 |
_aStanley, Linda, _d1940- |
|
| 245 | 1 | 0 |
_aWays to writing : _bpurpose, task, and process / _cLinda C. Stanley, David Shimkin, Allen H. Lanner. |
| 250 | _a3rd ed. | ||
| 260 |
_aNew York : _bMacmillan, _cc1992. |
||
| 300 |
_axxvi, 629 p. : _bill. ; _c24 cm. |
||
| 500 | _aIncludes index. | ||
| 650 | 0 |
_aEnglish language _xRhetoric. |
|
| 650 | 0 | _aExposition (Rhetoric) | |
| 650 | 0 | _aReport writing. | |
| 700 | 1 | _aShimkin, David. | |
| 700 | 1 | _aLanner, Allen H. | |
| 942 |
_2ddc _cBK |
||